[Event "We Porin avoin 2021"]
[Site "?"]
[Date "2021.09.04"]
[Round "3"]
[White "Torkkola, Henri"]
[Black "Tuominen, Tanja"]
[Result "1-0"]
[WhiteElo "2168"]
[BlackElo "2067"]
[PlyCount "147"]
[EventDate "2021.??.??"]
[SourceDate "2021.11.06"]
[SourceVersionDate "2021.11.06"]

1. d4 d5 2. Bf4 Nf6 3. e3 e6 4. Nf3 c5 5. c3 Nc6 6. Nbd2 Be7 7. Ne5 O-O 8. Bd3
Qb6 9. Rb1 Rd8 10. Qf3 cxd4 11. exd4 Nxe5 12. dxe5 Nd7 13. Qh3 Nf8 14. O-O Bd7
15. Rfe1 Bb5 16. Bc2 Ng6 17. Nf3 Rac8 18. Bg5 Qc7 19. Rbd1 Nf8 20. Rd4 Bxg5 21.
Nxg5 h6 22. Nf3 Qe7 23. Rg4 f5 24. exf6 Qxf6 25. Qg3 Rc4 26. Nd4 Bd7 27. Rf4
Qg5 28. Qxg5 hxg5 29. Rf3 Re8 30. Bb3 Rcc8 31. Re5 g4 32. Rg3 Ng6 33. Rg5 e5
34. Nf5 Bxf5 35. Rxf5 Nf4 36. Rxg4 Rcd8 37. g3 Nd3 38. Ra4 Nc5 39. Rxa7 Nxb3
40. axb3 d4 41. Kf1 d3 42. Ra1 e4 43. Rd1 e3 44. fxe3 Rxe3 45. Rf2 g5 46. Rf5
Kh7 47. Rd2 Kg6 48. g4 Rde8 49. Rd5 Re1+ 50. Kf2 R1e2+ 51. Rxe2 Rxe2+ 52. Kf3
Rxb2 53. Rxd3 Rxb3 54. Ke4 b5 55. Rd6+ Kf7 56. Rc6 Rb2 57. Kf5 Rxh2 58. Rc7+
Kg8 59. Kxg5 Rd2 60. Rc5 Rd3 61. Kf5 Kf7 62. Ke4 Rg3 63. g5 b4 64. Rf5+ Kg6 65.
cxb4 Rb3 66. Rb5 Rb1 67. Kd4 Rd1+ 68. Kc3 Rb1 69. Kc2 Rh1 70. Rc5 Rh4 71. Kb3
Rh8 72. b5 Rh4 73. b6 Rh1 74. Rb5 1-0

[Event "We Porin avoin 2021"]
[Site "?"]
[Date "2021.09.05"]
[Round "5"]
[White "Torkkola, Henri"]
[Black "Palenius, Jarmo"]
[Result "1-0"]
[WhiteElo "2167"]
[BlackElo "1918"]
[PlyCount "77"]
[EventDate "2021.??.??"]
[SourceDate "2021.11.06"]
[SourceVersionDate "2021.11.06"]

1. d4 d5 2. Bf4 Nf6 3. e3 e6 4. Nf3 Bd6 5. Nbd2 c5 6. Bb5+ Nc6 7. Bg3 O-O 8. c3
Bxg3 9. hxg3 Qb6 10. Bxc6 bxc6 11. Qc2 Ba6 12. g4 g6 13. Ne5 Qb5 14. Ndf3 Ne4
15. a4 Qb7 16. g5 Rab8 17. O-O-O cxd4 18. exd4 c5 19. Ng4 Kg7 20. Nf6 h5 21. g4
Bc4 22. Rde1 Bd3 23. Rxh5 gxh5 24. Nxh5+ Kh8 25. Rh1 Rg8 26. g6 Rxg6 27. Nf4+
Kg8 28. Nxd3 cxd4 29. Nxd4 a6 30. f3 Nd6 31. Qh2 Kg7 32. Qxd6 Rg8 33. Nf4 Rh6
34. Qe5+ Kh7 35. Rxh6+ Kxh6 36. Qh5+ Kg7 37. Nfxe6+ fxe6 38. Nxe6+ Kf6 39. Qf5+
1-0

[Event "We Seinajoki 2021"]
[Site "?"]
[Date "2021.09.19"]
[Round "4"]
[White "Jarvenpaa, Jari"]
[Black "Nevanlinna, Risto"]
[Result "1-0"]
[WhiteElo "2291"]
[BlackElo "2231"]
[PlyCount "87"]
[EventDate "2021.11.05"]
[SourceDate "2021.11.06"]
[SourceVersionDate "2021.11.06"]

1. e4 c5 2. c3 g6 3. d4 cxd4 4. cxd4 d5 5. Nc3 dxe4 6. Bc4 e6 7. d5 exd5 8.
Bxd5 Qe7 9. Nge2 Nf6 10. Bf4 Nh5 11. Be3 Bg7 12. Nxe4 Nd7 13. O-O O-O 14. Rc1
Rd8 15. Qb3 Nhf6 16. Nxf6+ Nxf6 17. Bc4 Ng4 18. Bf4 Ne5 19. Bxe5 Bxe5 20. Nc3
Bg7 21. Rfe1 Qf8 22. Ne4 h6 23. Re3 Bf5 24. Ng3 Bd7 25. Rf3 Be8 26. Re1 Rd7 27.
Rfe3 a6 28. h4 Bd4 29. Re4 Rad8 30. a4 Kg7 31. h5 f5 32. Re6 Bf7 33. hxg6 Bxe6
34. Bxe6 f4 35. Nh5+ Kh8 36. Bxd7 Rxd7 37. Qe6 Rd8 38. Re4 Bg7 39. Rxf4 Qd6 40.
Qxd6 Rxd6 41. Rf7 Rd1+ 42. Kh2 Be5+ 43. f4 Bd6 44. Rh7+ 1-0

[Event "We Salo 2021"]
[Site "?"]
[Date "2021.10.09"]
[Round "3"]
[White "Jaakkola, Konsta"]
[Black "Rasanen, Otto"]
[Result "0-1"]
[WhiteElo "1961"]
[BlackElo "2082"]
[PlyCount "84"]
[EventDate "2021.11.05"]
[SourceDate "2021.11.06"]
[SourceVersionDate "2021.11.06"]

1. e4 c5 2. Nf3 d6 3. d4 cxd4 4. Nxd4 Nf6 5. Nc3 a6 6. Bg5 e6 7. f4 Be7 8. Qf3
Qc7 9. O-O-O Nbd7 10. g4 h6 11. Bh4 g5 12. fxg5 Ne5 13. Qf4 Ng6 14. Qg3 Nh7 15.
gxh6 Bxh4 16. Qg2 Ne5 17. Kb1 Bd7 18. Nf3 Nxf3 19. Qxf3 Nf8 20. Qf4 Ng6 21.
Qxd6 Qxd6 22. Rxd6 Be7 23. Rb6 Bc6 24. Bg2 Rxh6 25. h3 Ne5 26. Ne2 Nc4 27. Rxc6
bxc6 28. Nd4 Ne5 29. Nf3 Nxf3 30. Bxf3 O-O-O 31. Be2 a5 32. a3 Kc7 33. Rf1 Rf6
34. Rg1 Rf2 35. Bd3 Bf6 36. g5 Bg7 37. h4 Rb8 38. b3 Rh8 39. Rh1 Kd6 40. a4 Rg2
41. Rf1 Ke7 42. Rf4 Be5 0-1

[Event "We Salo 2021"]
[Site "?"]
[Date "2021.10.09"]
[Round "3"]
[White "Martinec, Tamas"]
[Black "Sipila, Vilka"]
[Result "1-0"]
[WhiteElo "1971"]
[BlackElo "2449"]
[PlyCount "57"]
[EventDate "2021.11.05"]
[SourceDate "2021.11.06"]
[SourceVersionDate "2021.11.06"]

1. e4 c6 2. d4 d5 3. e5 Bf5 4. h4 h5 5. Bg5 Qb6 6. Bd3 Bxd3 7. Qxd3 e6 8. Nd2
Qa6 9. c4 c5 10. Ngf3 Nd7 11. O-O Ne7 12. Qc2 dxc4 13. Nxc4 Nd5 14. Ne3 Nb4 15.
Qe4 Qc6 16. Qf4 Nd3 17. Qg3 Nxb2 18. Rab1 Nd3 19. Rfd1 c4 20. d5 exd5 21. Nd4
Qc5 22. e6 Nb6 23. Qf3 f6 24. Bxf6 gxf6 25. Qxf6 Qe7 26. Qxh8 O-O-O 27. Nef5
Qc7 28. Qxh5 Bc5 29. e7 1-0

[Event "We Salo 2021"]
[Site "?"]
[Date "2021.10.10"]
[Round "4"]
[White "Vainikka, Toni"]
[Black "Jaakkola, Konsta"]
[Result "1/2-1/2"]
[WhiteElo "1996"]
[BlackElo "1961"]
[PlyCount "147"]
[EventDate "2021.11.05"]
[SourceDate "2021.11.06"]
[SourceVersionDate "2021.11.06"]

1. d4 Nf6 2. c4 c5 3. d5 b5 4. cxb5 a6 5. bxa6 g6 6. Nc3 Bg7 7. e4 O-O 8. Nf3
Qa5 9. Bd2 Bxa6 10. Bxa6 Qxa6 11. Qe2 d6 12. Qxa6 Nxa6 13. Ke2 Rfb8 14. Rhb1
Rb4 15. Kd3 Rab8 16. b3 Nd7 17. Rc1 c4+ 18. bxc4 Nac5+ 19. Ke3 Nb6 20. Ne1
Nxc4+ 21. Ke2 Nxd2 22. Kxd2 Nxe4+ 23. Nxe4 Bxa1 24. Nxd6 Bb2 25. Rc8+ Rxc8 26.
Nxc8 Rb7 27. Nd3 Bd4 28. d6 exd6 29. Nxd6 Ra7 30. Nc1 Bb2 31. Nd3 Rxa2 32. Nxb2
Rxb2+ 33. Ke3 f5 34. Kf3 Kg7 35. Nc4 Rb4 36. Ne3 Rb3 37. h4 Kf6 38. g3 Ke5 39.
Kg2 Ke4 40. Nc4 Kd3 41. Ne5+ Ke2 42. Nc6 Rd3 43. Ne5 Rc3 44. Kg1 f4 45. gxf4
Rh3 46. Kg2 Rxh4 47. Kg3 Rh1 48. Kg2 Ra1 49. Ng4 Ra4 50. Kg3 Ra3+ 51. Kh4 Kf3
52. Kg5 Ra5+ 53. Ne5+ Kxf2 54. Kh6 Ra7 55. Nxg6 Kg3 56. Nf8 Kxf4 57. Nxh7 Kf5
58. Ng5 Ra3 59. Nh7 Rd3 60. Kg7 Rd7+ 61. Kh6 Rf7 62. Ng5 Rf6+ 63. Kh5 Rf8 64.
Kh6 Rg8 65. Nh7 Rg6+ 66. Kh5 Re6 67. Ng5 Ra6 68. Nh7 Rg6 69. Nf8 Rg1 70. Kh6
Rg8 71. Nh7 Rg6+ 72. Kh5 Rg1 73. Kh6 Rg8 74. Kh5 1/2-1/2

[Event "We Salo 2021"]
[Site "?"]
[Date "2021.10.10"]
[Round "4"]
[White "Tuominen, Tanja"]
[Black "Simola, Tuomas"]
[Result "1/2-1/2"]
[WhiteElo "2062"]
[BlackElo "2111"]
[PlyCount "34"]
[EventDate "2021.11.05"]
[SourceDate "2021.11.06"]
[SourceVersionDate "2021.11.06"]

1. e4 c5 2. Nf3 d6 3. c3 Nf6 4. Be2 g6 5. O-O Bg7 6. Qc2 Qc7 7. d3 O-O 8. Bg5
e5 9. Nfd2 h6 10. Bh4 Nc6 11. a4 Be6 12. Na3 d5 13. Bg3 Rad8 14. f4 dxe4 15.
dxe4 Ng4 16. Ndc4 exf4 17. Bxf4 Nge5 1/2-1/2

[Event "We Salo 2021"]
[Site "?"]
[Date "2021.10.10"]
[Round "4"]
[White "Rasanen, Otto"]
[Black "Tauriainen, Marko"]
[Result "1-0"]
[WhiteElo "2082"]
[BlackElo "2120"]
[PlyCount "66"]
[EventDate "2021.11.05"]
[SourceDate "2021.11.06"]
[SourceVersionDate "2021.11.06"]

1. d4 d5 2. c4 e6 3. Nc3 Nf6 4. cxd5 exd5 5. Bg5 Be7 6. e3 O-O 7. Bd3 c6 8. Qc2
Nbd7 9. Nge2 Re8 10. O-O Nf8 11. f3 g6 12. Rad1 Ne6 13. Bh4 b5 14. Bf2 Bb7 15.
Ng3 Rc8 16. Qd2 a5 17. Bc2 Qc7 18. Kh1 Rcd8 19. Rc1 Qd7 20. Nce2 Bb4 21. Qd1
Bf8 22. a4 b4 23. Bd3 Bh6 24. Re1 Rc8 25. Nf1 Bg7 26. Rc2 Qd8 27. Nc1 Nd7 28.
Nb3 f5 29. Qd2 Nf6 30. Bh4 Qb6 31. Rec1 f4 32. exf4 Nxd4 33. Nxd4 Qxd4 1-0

[Event "We Salo 2021"]
[Site "?"]
[Date "2021.10.10"]
[Round "5"]
[White "Niemi, Kalle"]
[Black "Tuominen, Tanja"]
[Result "1-0"]
[WhiteElo "2284"]
[BlackElo "2062"]
[PlyCount "71"]
[EventDate "2021.11.05"]
[SourceDate "2021.11.06"]
[SourceVersionDate "2021.11.06"]

1. e4 c5 2. Nf3 Nc6 3. d4 cxd4 4. Nxd4 Qb6 5. Nb3 Nf6 6. Nc3 e6 7. Be3 Qc7 8.
a3 a6 9. f4 d6 10. g4 b5 11. g5 Nd7 12. h4 Bb7 13. Qe2 b4 14. axb4 Nxb4 15. Bg2
a5 16. Nd4 Ba6 17. Qf2 Be7 18. h5 Rb8 19. g6 hxg6 20. hxg6 Rxh1+ 21. Bxh1 Nc5
22. gxf7+ Kxf7 23. O-O-O a4 24. f5 e5 25. Ne6 Qa5 26. Bxc5 dxc5 27. Qg1 Bf6 28.
Rd7+ Ke8 29. Rc7 Na2+ 30. Nxa2 Bg5+ 31. Nxg5 Qxc7 32. Ne6 Qb6 33. Qg6+ Ke7 34.
Nc3 Qxb2+ 35. Kd2 Kd6 36. Nxc5+ 1-0

[Event "We Salo 2021"]
[Site "?"]
[Date "2021.10.10"]
[Round "5"]
[White "Simola, Tuomas"]
[Black "Sipila, Vilka"]
[Result "0-1"]
[WhiteElo "2111"]
[BlackElo "2449"]
[PlyCount "94"]
[EventDate "2021.11.05"]
[SourceDate "2021.11.06"]
[SourceVersionDate "2021.11.06"]

1. e4 c6 2. d4 d5 3. exd5 cxd5 4. Bd3 Nc6 5. c3 Nf6 6. Bf4 Bg4 7. Qb3 Qd7 8.
Nd2 e6 9. Ngf3 Bd6 10. Bxd6 Qxd6 11. O-O O-O 12. Rfe1 Ne7 13. Ne5 Bf5 14. Re3
Ng4 15. Nxg4 Bxg4 16. Nf3 Nf5 17. Bxf5 Bxf5 18. Ne5 f6 19. Nd3 b6 20. Rae1 Rfe8
21. h3 a5 22. a4 Re7 23. Qd1 Rc8 24. Qd2 Bg6 25. Qe2 Bf7 26. f4 Rec7 27. Qf3
Qd7 28. f5 exf5 29. Nf4 Qd6 30. Nd3 g6 31. h4 Rd7 32. Nf4 Rc4 33. b3 Rc8 34. g3
Kh8 35. Kf2 Rg8 36. Ne6 Qa3 37. Qd1 Rc8 38. R1e2 Kg8 39. Qc2 Re7 40. Nf4 Re4
41. Ng2 g5 42. Rxe4 fxe4 43. hxg5 fxg5 44. Ne3 Qa1 45. c4 Qxd4 46. Rd2 Qf6+ 47.
Kg2 Qf3+ 0-1

[Event "We Salo 2021"]
[Site "?"]
[Date "2021.10.10"]
[Round "5"]
[White "Martinec, Tamas"]
[Black "Rasanen, Otto"]
[Result "1-0"]
[WhiteElo "1971"]
[BlackElo "2082"]
[PlyCount "67"]
[EventDate "2021.11.05"]
[SourceDate "2021.11.06"]
[SourceVersionDate "2021.11.06"]

1. e4 e5 2. Bc4 Nf6 3. Nc3 Nxe4 4. Qh5 Nd6 5. Bb3 Be7 6. Nf3 Nc6 7. Nxe5 Nxe5
8. Qxe5 O-O 9. Nd5 Re8 10. O-O Bf8 11. Qf4 Re6 12. d3 c6 13. Ne3 Rf6 14. Qh4
Be7 15. Ng4 Rg6 16. Qh5 Nf5 17. Ne5 d5 18. Nxg6 hxg6 19. Qd1 Bd6 20. c3 Qh4 21.
f4 Bd7 22. Qf3 Re8 23. Bd2 g5 24. g3 Qh3 25. fxg5 Nxg3 26. hxg3 Bxg3 27. Qg2
Qh4 28. Rf3 Bc7 29. Re3 Rxe3 30. Bxe3 Bh3 31. Bf2 Qh5 32. Bd1 Qh7 33. Qf3 Bf5
34. Qh5 1-0

[Event "Koululaisten SM U20 2021"]
[Site "?"]
[Date "2021.10.31"]
[Round "5"]
[White "Aalto, Patrik"]
[Black "Wartiovaara, Oliver"]
[Result "0-1"]
[WhiteElo "2108"]
[BlackElo "2245"]
[PlyCount "58"]
[EventDate "2021.11.05"]
[SourceDate "2021.11.06"]
[SourceVersionDate "2021.11.06"]

1. d4 Nf6 2. c4 g6 3. Nc3 d5 4. Nf3 Bg7 5. h4 c6 6. cxd5 cxd5 7. Bf4 O-O 8. Qb3
h5 9. e3 Nc6 10. Rc1 Qa5 11. Bd3 Qb4 12. Qxb4 Nxb4 13. Bb1 Bd7 14. Ne5 Rfd8 15.
Nxd7 Rxd7 16. Na4 Rdd8 17. a3 Rac8 18. Kd2 Nc6 19. Nc5 Na5 20. Ba2 b6 21. Nd3
e6 22. Rxc8 Rxc8 23. Rc1 Ne4+ 24. Ke2 Rxc1 25. Nxc1 Bf8 26. Nd3 f6 27. f3 Nd6
28. e4 Ndc4 29. Bd2 Nc6 {...} 0-1

[Event "We Jarvenpaa 2021"]
[Site "?"]
[Date "2021.09.25"]
[Round "1"]
[White "Sipil?, Markku"]
[Black "Tauriainen, Marko"]
[Result "1/2-1/2"]
[WhiteElo "2023"]
[BlackElo "2108"]
[PlyCount "71"]
[EventDate "2021.??.??"]
[SourceDate "2021.11.06"]
[SourceVersionDate "2021.11.06"]

1. d4 d5 2. Nf3 Nf6 3. c4 e6 4. g3 c5 5. Bg2 cxd4 6. Nxd4 Bb4+ 7. Nc3 O-O 8.
O-O Nc6 9. Bg5 h6 10. Bf4 Re8 11. Nc2 Bxc3 12. bxc3 Qa5 13. cxd5 Nxd5 14. Bd2
Rd8 15. Qe1 Qa4 16. Nb4 Ncxb4 17. cxb4 Bd7 18. Qd1 Qa3 19. Qc1 Qa6 20. Re1 Rac8
21. Qb2 Nb6 22. b5 Bxb5 23. Bf4 Nc4 24. Qb4 e5 25. Bc1 Bc6 26. Bf1 b5 27. e4
Be8 28. Bb2 Qe6 29. Bc3 a5 30. Qb3 f6 31. Bxa5 Rd4 32. Bc3 Rd6 33. Rad1 Ra6 34.
Bb4 Bf7 35. a3 Qc6 36. Qc3 1/2-1/2

[Event "We Jarvenpaa 2021"]
[Site "?"]
[Date "2021.09.25"]
[Round "1"]
[White "Karvinen, Kimmo"]
[Black "Puittinen, Mika"]
[Result "1-0"]
[WhiteElo "2128"]
[BlackElo "1959"]
[PlyCount "137"]
[EventDate "2021.??.??"]
[SourceDate "2021.11.06"]
[SourceVersionDate "2021.11.06"]

1. e4 e6 2. d4 d5 3. Nd2 a6 4. Ngf3 c5 5. c3 Nc6 6. e5 Qb6 7. Nb3 cxd4 8. cxd4
a5 9. Qd3 a4 10. Nbd2 Nge7 11. g4 h5 12. gxh5 Nf5 13. a3 Ncxd4 14. Nxd4 Nxd4
15. Nf3 Bc5 16. Nxd4 Bxd4 17. Qe2 Bd7 18. Rb1 Rc8 19. Bf4 Qb3 20. Qd3 Qxd3 21.
Bxd3 Rxh5 22. Bg3 Bxb2 23. Be2 Bc3+ 24. Kd1 Rh8 25. Rxb7 Bc6 26. Bb5 Bxb5 27.
Rxb5 Kd7 28. Ke2 Rb8 29. Rhb1 Rxb5 30. Rxb5 Kc6 31. Rb1 Ra8 32. Kd3 Ba5 33.
Rc1+ Kb7 34. Rc5 Bb6 35. Rb5 Kc6 36. Rb1 Ra5 37. Bf4 Rb5 38. Rc1+ Bc5 39. Be3
Kb6 40. Bxc5+ Rxc5 41. Rg1 g6 42. Rg4 Ra5 43. Rf4 Ra7 44. Rb4+ Kc6 45. Kd4 Ra8
46. Ke3 Ra7 47. h4 Ra8 48. Kf4 Kc5 49. Rb7 Rh8 50. Kg4 Rh5 51. f4 d4 52. Rxf7
d3 53. Rd7 Kc4 54. Kf3 Rxh4 55. Ke4 Rh3 56. Rd6 Kc3 57. Rc6+ Kd2 58. Rxe6 Ke2
59. Rxg6 d2 60. Rg2+ Ke1 61. f5 d1=Q 62. Rg1+ Kd2 63. Rxd1+ Kxd1 64. f6 Rh1 65.
f7 Rf1 66. e6 Kc2 67. e7 Re1+ 68. Kd4 Rxe7 69. f8=Q 1-0

[Event "We Jarvenpaa 2021"]
[Site "?"]
[Date "2021.09.25"]
[Round "1"]
[White "Si, Patrick"]
[Black "Bederdin, Lauri"]
[Result "1/2-1/2"]
[WhiteElo "1920"]
[BlackElo "2019"]
[PlyCount "84"]
[EventDate "2021.??.??"]
[SourceDate "2021.11.06"]
[SourceVersionDate "2021.11.06"]

1. b3 b6 2. Bb2 Bb7 3. Nf3 f5 4. e3 e6 5. Be2 Nf6 6. O-O Be7 7. c4 O-O 8. Nc3
c5 9. d4 d6 10. Ng5 Qd7 11. d5 Nxd5 12. cxd5 Bxg5 13. dxe6 Qd8 14. Bc4 Be7 15.
Nd5 Na6 16. e4 Nc7 17. Qd3 fxe4 18. Qxe4 Bxd5 19. Bxd5 Nxd5 20. Qxd5 g6 21. g4
Rf4 22. h3 Rc8 23. Rad1 Qf8 24. Kg2 Bf6 25. Bxf6 Qxf6 26. Qxd6 Re8 27. Rde1 Rd4
28. Qc6 Qe7 29. Re3 Rd6 30. Qa4 Qb7+ 31. Kg3 Rexe6 32. Qc4 Qf7 33. Qe2 Rxe3+
34. Qxe3 Qd7 35. Qe4 Rd3+ 36. f3 Qd6+ 37. Kg2 Rd2+ 38. Rf2 Rxf2+ 39. Kxf2 Qh2+
40. Ke3 Qxa2 41. Qe8+ Kg7 42. Qe7+ Kg8 1/2-1/2

[Event "We Jarvenpaa 2021"]
[Site "?"]
[Date "2021.09.25"]
[Round "2"]
[White "Tauriainen, Marko"]
[Black "Karvinen, Kimmo"]
[Result "1-0"]
[WhiteElo "2108"]
[BlackElo "2128"]
[PlyCount "187"]
[EventDate "2021.??.??"]
[SourceDate "2021.11.06"]
[SourceVersionDate "2021.11.06"]

1. d4 g6 2. c4 Bg7 3. e4 d6 4. Nc3 e5 5. d5 a5 6. Bd3 Na6 7. Nge2 Ne7 8. Be3
O-O 9. Qd2 f5 10. Bg5 Nc5 11. Bc2 fxe4 12. Nxe4 Nxe4 13. Bxe4 Qe8 14. O-O Nf5
15. Rae1 Rf7 16. g4 Ne7 17. f3 Qf8 18. c5 Bd7 19. cxd6 cxd6 20. Qd3 Qe8 21. Nc3
b5 22. Rf2 Bf6 23. Bxf6 Rxf6 24. Rc1 Qb8 25. Rfc2 Qb6+ 26. Kg2 Raf8 27. Nd1
R6f7 28. Ne3 Kg7 29. h4 Rb8 30. h5 Rff8 31. Rh1 Rbc8 32. Rf2 b4 33. Qd2 Qd4 34.
hxg6 hxg6 35. Qxd4 exd4 36. Nc2 d3 37. Ne3 Bb5 38. Kg3 Rh8 39. Rd1 Rc5 40. Rfd2
Re8 41. Bxd3 Bxd3 42. Rxd3 Ng8 43. b3 Nf6 44. Nc4 Rd8 45. g5 Nh5+ 46. Kg4 Rc7
47. Re1 Rf7 48. Rd4 Rdf8 49. Re3 Rf4+ 50. Rxf4 Rxf4+ 51. Kh3 Rd4 52. Nxd6 Rxd5
53. Ne4 Rd1 54. Ng3 Nf4+ 55. Kg4 Nd5 56. Re5 Rd4+ 57. Ne4 Rd1 58. Nf6 Rg1+ 59.
Kh4 Rh1+ 60. Kg3 Nc3 61. Rxa5 Ra1 62. Ra7+ Kf8 63. Rb7 Rxa2 64. Rxb4 Kf7 65.
Rc4 Nb5 66. Ng4 Ke6 67. Rc6+ Nd6 68. Ne3 Kd7 69. Rb6 Re2 70. Nc4 Nf5+ 71. Kf4
Ne7 72. Ra6 Nd5+ 73. Kg3 Ne7 74. f4 Nf5+ 75. Kh3 Ke7 76. Rxg6 Rc2 77. Rb6 Nd4
78. Kg4 Rc3 79. Na5 Rc1 80. Rb7+ Ke6 81. f5+ Nxf5 82. Rb6+ Kf7 83. Kxf5 Rc5+
84. Kf4 Rxa5 85. b4 Ra1 86. g6+ Kg7 87. Ke5 Rd1 88. b5 Rd2 89. Rd6 Rb2 90. b6
Rb5+ 91. Ke6 Kxg6 92. Kd7+ Kf7 93. Kc7 Ke7 94. Rd3 1-0

[Event "We Jarvenpaa 2021"]
[Site "?"]
[Date "2021.09.25"]
[Round "2"]
[White "Bederdin, Lauri"]
[Black "Sipila, Markku"]
[Result "1-0"]
[WhiteElo "2019"]
[BlackElo "2023"]
[PlyCount "49"]
[EventDate "2021.??.??"]
[SourceDate "2021.11.06"]
[SourceVersionDate "2021.11.06"]

1. d4 Nf6 2. c4 c5 3. d5 e6 4. Nc3 exd5 5. cxd5 d6 6. Nf3 a6 7. a4 Be7 8. g3
O-O 9. Bg2 Bf5 10. Nd2 h6 11. e4 Bh7 12. Nc4 Ne8 13. f4 Nd7 14. Qe2 Bf6 15. e5
Be7 16. O-O Kh8 17. a5 Rb8 18. Kh1 dxe5 19. fxe5 Bg5 20. Bxg5 Qxg5 21. Bh3 f5
22. e6 Ndf6 23. Qe5 Rc8 24. d6 Rc6 25. d7 1-0

[Event "We Jarvenpaa 2021"]
[Site "?"]
[Date "2021.09.25"]
[Round "2"]
[White "Puittinen, Mika"]
[Black "Si, Patrick"]
[Result "0-1"]
[WhiteElo "1959"]
[BlackElo "1920"]
[PlyCount "74"]
[EventDate "2021.??.??"]
[SourceDate "2021.11.06"]
[SourceVersionDate "2021.11.06"]

1. c4 b6 2. Nc3 Bb7 3. e4 e6 4. Nge2 g6 5. g3 Bg7 6. Bg2 d6 7. O-O Nd7 8. d4
Ne7 9. Be3 a6 10. Qd2 h6 11. Rac1 Kf8 12. b4 Kg8 13. c5 Kh7 14. Rfd1 Qe8 15. d5
exd5 16. Nxd5 Bxd5 17. exd5 Nf5 18. cxb6 cxb6 19. Rc6 Ne5 20. Rc7 Ng4 21. Bxb6
Qb5 22. Ba5 Ne5 23. Nc3 Qe8 24. Ne4 Rc8 25. Rdc1 Rxc7 26. Rxc7 Qb5 27. Nc3 Qe8
28. h3 Nd4 29. Kh1 Nef3 30. Qe3 Ne1 31. Qxe8 Rxe8 32. Rxf7 Kg8 33. Rc7 Nef3 34.
Bxf3 Nxf3 35. b5 axb5 36. Nxb5 Re2 37. Nxd6 Rxf2 0-1

[Event "We Jarvenpaa 2021"]
[Site "?"]
[Date "2021.09.26"]
[Round "3"]
[White "Tauriainen, Marko"]
[Black "Bederdin, Lauri"]
[Result "1-0"]
[WhiteElo "2108"]
[BlackElo "2019"]
[PlyCount "33"]
[EventDate "2021.??.??"]
[SourceDate "2021.11.06"]
[SourceVersionDate "2021.11.06"]

1. d4 d5 2. c4 dxc4 3. e4 Nc6 4. Nf3 Bg4 5. Bxc4 Bxf3 6. Qxf3 e6 7. Bb5 Qxd4 8.
O-O Nge7 9. Rd1 Qe5 10. Qd3 f6 11. f4 Qh5 12. f5 Nd5 13. exd5 Bc5+ 14. Kh1
O-O-O 15. Bxc6 bxc6 16. Nc3 exd5 17. Bf4 1-0

[Event "We Jarvenpaa 2021"]
[Site "?"]
[Date "2021.09.26"]
[Round "3"]
[White "Si, Patrick"]
[Black "Karvinen, Kimmo"]
[Result "0-1"]
[WhiteElo "1920"]
[BlackElo "2128"]
[PlyCount "116"]
[EventDate "2021.??.??"]
[SourceDate "2021.11.06"]
[SourceVersionDate "2021.11.06"]

1. b3 e5 2. Bb2 Nc6 3. e3 Nf6 4. Bb5 Bd6 5. Na3 Na5 6. Nf3 c6 7. Be2 Qe7 8. Nb1
O-O 9. a3 c5 10. b4 Nc6 11. Nc3 e4 12. Nh4 Bb8 13. bxc5 Qxc5 14. f3 Qg5 15. g3
Bxg3+ 16. hxg3 Qxg3+ 17. Kf1 d5 18. Qe1 Bh3+ 19. Rxh3 Qxh3+ 20. Kg1 g5 21. Nd1
Nd7 22. fxe4 gxh4 23. Nf2 Qg3+ 24. Kh1 Nce5 25. Qf1 f6 26. exd5 Kh8 27. Ne4 Qg6
28. d3 Rg8 29. Qh3 Raf8 30. Rf1 h6 31. c4 Rg7 32. c5 Kh7 33. Qf5 Qxf5 34. Rxf5
Kg6 35. Rf4 f5 36. Nd6 Re7 37. d4 Ng4 38. Bxg4 fxg4 39. Rxg4+ Kh5 40. Rg1 Rxe3
41. Rg7 Rf1+ 42. Kg2 Rb1 43. Nc4 h3+ 44. Kh2 Re2+ 45. Kxh3 Rh1+ 46. Kg3 Rg1+
47. Kf3 Rxg7 48. Kxe2 Kg5 49. Kf3 h5 50. c6 Nb6 51. Nd6 bxc6 52. dxc6 Rc7 53.
Nb5 Rxc6 54. Nxa7 Rc2 55. Ba1 Ra2 56. Bc3 Rxa3 57. Nb5 Rb3 58. Ke4 Rxb5 0-1

[Event "We Jarvenpaa 2021"]
[Site "?"]
[Date "2021.09.26"]
[Round "4"]
[White "Puittinen, Mika"]
[Black "Tauriainen, Marko"]
[Result "1/2-1/2"]
[WhiteElo "1959"]
[BlackElo "2128"]
[PlyCount "106"]
[EventDate "2021.??.??"]
[SourceDate "2021.11.06"]
[SourceVersionDate "2021.11.06"]

1. c4 e5 2. Nc3 Nf6 3. Nf3 Nc6 4. a3 d5 5. cxd5 Nxd5 6. Qc2 f6 7. e3 Be6 8. Bb5
Bd6 9. Nxd5 Bxd5 10. e4 Be6 11. d4 Bd7 12. dxe5 Nxe5 13. Bxd7+ Qxd7 14. Nxe5
Bxe5 15. O-O O-O 16. Be3 b6 17. Rad1 Qb5 18. b3 Rad8 19. f4 Bd6 20. a4 Qb4 21.
Rd4 Qc5 22. Qc4+ Qxc4 23. Rxc4 Rfe8 24. Kf2 c5 25. Rd1 Bxf4 26. Rxd8 Bxe3+ 27.
Kxe3 Rxd8 28. b4 cxb4 29. Rxb4 Kf7 30. a5 Rd6 31. axb6 axb6 32. g4 Ke6 33. Kf4
h6 34. h4 g5+ 35. hxg5 hxg5+ 36. Ke3 Kd7 37. Rb5 Kc6 38. Rf5 b5 39. e5 Re6 40.
Kd2 fxe5 41. Rxg5 Kd5 42. Rg8 Kc4 43. g5 Rd6+ 44. Ke3 b4 45. g6 Kb3 46. Ke4 Rb6
47. g7 Rb7 48. Kxe5 Kb2 49. Kf6 b3 50. Rh8 Rxg7 51. Kxg7 Kc1 52. Rb8 b2 53.
Rxb2 Kxb2 1/2-1/2

[Event "We Jarvenpaa 2021"]
[Site "?"]
[Date "2021.09.26"]
[Round "4"]
[White "Karvinen, Kimmo"]
[Black "Sipila, Markku"]
[Result "1-0"]
[WhiteElo "2128"]
[BlackElo "2023"]
[PlyCount "147"]
[EventDate "2021.??.??"]
[SourceDate "2021.11.06"]
[SourceVersionDate "2021.11.06"]

1. e4 d6 2. d4 Nf6 3. Nc3 g6 4. f4 c6 5. Nf3 Bg7 6. Be3 O-O 7. Bd3 a6 8. a4 b6
9. h3 Bb7 10. Qd2 Qc7 11. Qf2 Nbd7 12. O-O Rac8 13. Rfe1 c5 14. d5 c4 15. Bf1
e6 16. Rad1 exd5 17. exd5 Nc5 18. Bd4 Rfe8 19. Rxe8+ Rxe8 20. Bxc5 Qxc5 21.
Qxc5 bxc5 22. Bxc4 Nh5 23. f5 gxf5 24. Kf2 f4 25. Ne2 Bc8 26. b3 Kf8 27. a5 Bd7
28. Bd3 Nf6 29. Nxf4 Bh6 30. Ne2 Be3+ 31. Kf1 Nxd5 32. Bc4 Nc7 33. Rxd6 Be6 34.
Rc6 Nd5 35. Rxa6 Nb4 36. Ra7 Nc6 37. Ra6 Nb4 38. Rb6 Nd5 39. Rd6 Nc7 40. Rc6
Nd5 41. c3 Ra8 42. a6 Ne7 43. Rb6 Nc8 44. Rb7 Bxc4 45. bxc4 Nd6 46. Rb6 Nxc4
47. Rc6 Na5 48. Rc7 Rxa6 49. Ne5 Rf6+ 50. Ke1 Kg7 51. Ng4 Re6 52. Nxe3 Rxe3 53.
Rxc5 Nb3 54. Rg5+ Kf6 55. Rg3 Re6 56. Kd1 Nc5 57. Nd4 Rd6 58. Rf3+ Kg6 59. Ke2
Ne4 60. Kd3 Ng5 61. Rf1 Ne6 62. Ra1 Nc5+ 63. Ke3 Nd7 64. Ra5 Nb6 65. Kd3 Nd5
66. g3 h5 67. Rc5 h4 68. gxh4 Nf4+ 69. Ke4 Nxh3 70. h5+ Kh7 71. Rc7 Ng5+ 72.
Kf5 Kh6 73. Kg4 Ne6 74. Nf5+ 1-0

[Event "We LauttSSK 2021"]
[Site "?"]
[Date "2021.10.30"]
[Round "1"]
[White "Vyskubov, Dmitry"]
[Black "Arstila, Petteri"]
[Result "0-1"]
[WhiteElo "2003"]
[BlackElo "2115"]
[PlyCount "58"]
[EventDate "2021.??.??"]
[SourceDate "2021.11.06"]
[SourceVersionDate "2021.11.06"]

1. e4 e5 2. Nf3 Nc6 3. Bb5 a6 4. Ba4 Nf6 5. d3 b5 6. Bb3 Be7 7. O-O d6 8. c3
O-O 9. h3 Na5 10. Bc2 c5 11. b4 Nc6 12. a3 Re8 13. Bb2 Qc7 14. Re1 Bf8 15. Nbd2
h6 16. Nf1 Bb7 17. Bb3 a5 18. Qd2 Rad8 19. Bd5 axb4 20. axb4 cxb4 21. c4 bxc4
22. dxc4 Qb6 23. Ne3 Ra8 24. Rab1 Qc5 25. Ba1 Reb8 26. Nc2 Ra2 27. Qd3 Nxd5 28.
exd5 Na5 29. Nxb4 Qxf2+ 0-1